zpět

Detail výsledku týmu

U Lucerny ST, Brno

Datum a čas kvízu

29 Celkem bodů Celkový počet nahraných bodů na tomto kvízu bez doplňovacích otázek.
11. Pořadí na kvízu Konečné umístění týmu na tomto kvízu.

Zaznamenané odpovědi

# Otázka Odpověď Body Výsledky
1. Mezi tradičními novoročními zp... Břeclav 1
2. Britský deník The Times zveřej... Mikuláš Minář 0
3. Jedné americké herečce byl zab... Sharon Stone 0
4. Bývalý šéf jisté japonské auto... Nissan 0
5. Minulý týden se ve Švýcarsku k... Spenglerův pohár, Davos 0
6. 1. ledna došlo k růstu minimál... 14 600 Kč (uznáváme 14 100–15 100) 1
7. V jednom z francouzských zámoř... Nová Kaledonie 0
8. Nový čínský rok začíná 25. led... kryse 1
9. Nejbezpečnějšími aerolinkami p... Qantas 1
10. V červenci a srpnu se v Japons... D 1